| 000 | 00000nam##2200000za#4500 |
| 001 | 9.699901 |
| 003 | CaOODSP |
| 005 | 20210625000606 |
| 007 | cr ||||||||||| |
| 008 | 150407|1981||||xxc|||||o f|0| 0 eng|d |
| 040 | |aCaOODSP|beng |
| 043 | |an-cn--- |
| 086 | 1 |aZ1-1980/2E-PDF |
| 110 | 1 |aCanada. |bPrivy Council Office. |
| 245 | 10|aRoyal Commission on Conditions of Foreign Service / |h[electronic resource]|cPamela A. McDougall, commissioner. |
| 260 | |aOttawa - Ontario : |bPrivy Council Office |cc1981. |
| 300 | |a461p.|bfigs., glossary, graphs, tables |
| 500 | |aHistorical publication digitized in 2006 by the Privy Council Office of Canada. |
| 504 | |aBibliography. |
| 590 | |a15-04-Supp|b2015-03-19 |
| 690 | 07|aCommissions of inquiry|2gcpds |
| 690 | 07|aForeign service|2gcpds |
| 775 | 08|tCommission royale d'enquête sur la situation dans le service extérieur |w(CaOODSP)9.643855 |
| 856 | 40|ahttp://publications.gc.ca|qPDF|s16.71 MB|uhttps://publications.gc.ca/collections/collection_2014/bcp-pco/Z1-1980-2-eng.pdf |